• 首页
  • 本馆介绍
  • 公告通知
  • 最新文献
  • 馆藏检索
  • 电子资源
  • 读者导购
  • 参考咨询
  • 我的图书馆
  • 登录
  • 详细信息显示
  • 放入我的书架
  • 预约/预借图书
  • 作者相关作品
  • 分类相关作品
  • 丛书相关作品
  • 出版社相关作品

书目信息

  • 表格格式
  • 工作单格式
  • 卡片格式
题名:
超创意数码单反趣味摄影秘技
    
 
作者: ;PHOTO365 编著
分册:  
出版信息: 北京   中国铁道出版社  2014
页数: 161页
开本: 29cm
丛书名:
单 册:
中图分类: TB86 , J41
科图分类:
主题词: 数字照相机--单镜头反光照相机--摄影技术
电子资源:
ISBN: 978-7-113-19016-3
000 01083nam0 2200253 450
001 012015000192
005 20151130102110.00
010    @a978-7-113-19016-3@dCNY49.00
100    @a20141108d2014 em y0chiy0110 ea
101 0  @achi
102    @aCN@b110000
105    @aa z 000yy
106    @ar
200 1  @a超创意数码单反趣味摄影秘技@Achao chuang yi shu ma dan fan qu wei she ying mi ji@e39个不可不知的实拍技巧@fPHOTO365编著
210    @a北京@c中国铁道出版社@d2014
215    @a161页@c照片@d29cm
330    @a全书共分4章,向大家详细讲解了如何拍出更加与众不同的摄影作品。第1章学习如何通过非常规操控相机的方法实现趣味效果:第2章以巧妙构图为着眼点,学习一些简单有趣的取景构图技巧:第3章学习通过曝光、用光等手段创作出与众不同的作品:第4章将给大家一些常见拍摄题材的启示和如何瞬间拍摄出创意十足的新奇照片。
517 1  @a39个不可不知的实拍技巧@A39 ge bu ke bu zhi de shi pai ji qiao
606 0  @a数字照相机@x单镜头反光照相机@x摄影技术
690    @aTB86@v5
690    @aJ41@v5
711 02 @aPHOTO365@APHOTO365@4编著
801  0 @aCN@b碧洲教育@c20151127
905    @a10447@f4@dTB86@e156
    
    超创意数码单反趣味摄影秘技:39个不可不知的实拍技巧/PHOTO365编著.-北京:中国铁道出版社,2014
    161页:照片;29cm
    
    
    ISBN 978-7-113-19016-3:CNY49.00
    全书共分4章,向大家详细讲解了如何拍出更加与众不同的摄影作品。第1章学习如何通过非常规操控相机的方法实现趣味效果:第2章以巧妙构图为着眼点,学习一些简单有趣的取景构图技巧:第3章学习通过曝光、用光等手段创作出与众不同的作品:第4章将给大家一些常见拍摄题材的启示和如何瞬间拍摄出创意十足的新奇照片。
●
相关链接 在E读中查询图书 在五车中查询图书 在当当中查询图书 在豆瓣中查询图书


正题名:超创意数码单反趣味摄影秘技     索取号:TB86/156         预约/预借

序号 登录号 条形码 馆藏地/架位号 状态 备注
1 0871159   208711599   第二样本阅览室/ [索取号:TB86/156] 在馆    
2 0871160   208711606   第三借阅区/ [索取号:TB86/156] 在馆    
3 0871161   208711615   密集书库-物理学院/ [索取号:TB86/156] 在馆    
4 0871162   208711624   第三借阅区/ [索取号:TB86/156] 在馆    
唐山师范学院图书馆 欢迎您!
大连网信软件有限公司© 版权所有